It looks like you're offline.
Open Library logo
additional options menu

MARC record from Internet Archive

LEADER: 01054cam a2200253 a 4500
001 91195878
003 DLC
005 19980114124250.1
008 910917s1991 sw b 00110 eng
010 $a 91195878 //r982
020 $a3261042591
040 $aDLC$cDLC$dDLC
050 00 $aPR3728.S2$bF67 1991
082 00 $a828/.509$220
100 10 $aForster, Jean-Paul.
245 10 $aJonathan Swift :$bthe fictions of the satirist /$cJean-Paul Forster.
260 0 $aBerne ;$aNew York :$bP. Lang,$cc1991.
300 $a248 p. ;$c21 cm.
490 1 $aEuropean university studies. Series XIV, Anglo-Saxon language and literature,$x0721-3387 ;$vvol. 220 = Europäische Hochschulschriften. Reihe XIV, Angelsächsische Sprache und Literatur ; Bd. 220
504 $aIncludes bibliographical references and index.
600 10 $aSwift, Jonathan,$d1667-1745$xTechnique.
650 0 $aSatire, English$xHistory and criticism.
650 0 $aFiction$xTechnique.
830 0 $aEuropäische Hochschulschriften.$nReihe XIV,$pAngelsächsische Sprache und Literatur ;$vBd. 220.